000 00745nam a2200193Ii 4500
003 JO-AjNU
008 230605s9999||||xx |||||||||||||| ||und||
040 _aJO-AjNU
_bara
_erda
_cJO-AjNU
041 _aara
050 1 4 _aQH543.5.H3712 1986
100 3 _aهارول، مارك.أ ؛ ترجمة عبد الله حيدر واخرون,
_eauthor
_957143
245 0 0 _aالشتاء النووي: تأثيرات الحرب النووية على الإنسانية وعلى البيئة
264 3 1 _aبيروت: دار الرقي، 1986
300 _a288ص
336 _atext
_btxt
_2rdacontent
337 _aunmediated
_bn
_2rdamedia
338 _avolume
_bnc
_2rdacarrier
650 4 _aالتلوث الاشعاعي- تلوث البيئة
_957144
999 _aA25589
_c29157
_d29157